000 00382cam a22001097a 4500
008 180718b1977 xxu||||| |||| 00| 0 eng d
082 _aLoox54 In2a
245 _aFirst list of amendents to the central government compilation of the treasury rules
_cby Ministry of Finance, India
260 _aDelhi
_bMinistry of Finance
_c1977
300 _a86+p.
700 _aIndia. Ministry of Finance
999 _c500248
_d500248